01209nam a22002777a 4500001000400000003001000004005001700014008004100031020001800072040002500090080001600115090001500131245023200146260003800378300002000416504002500436650003500461650006000496700004000556700003700596700003500633942001200668952011900680952011900799999001300918601BR-CuiBMT20231114213235.0231110b2016 mgb 000 0 por d a9788545001669 aBR-CuiBMTcBR-CuiBMT 22007a342.9 a342.9bE8200aEstudos de direito administrativo em homenagem ao professor Jessé Torres Pereira Junior /cAlexandre Freitas Câmara , Adilson Rodrigues Pires, Thaís Boia Marçal, coordenadores ; prefácio Luiz Fernando Ribeiro Carvalho aBelo Horizonte :bFórum,c2016. a391 p. ;c22 cm aInclui bibliografia. aDireito administrativozBrasil aAdministração públicaxControle judicialzBrasil aCâmara, Alexandre Freitas4coord. aPires, Adilson Rodrigues4coord. aMarçal, Thaís Boia4coord. 2udccLV 00102udc4070aBIBTCEMTbBIBTCEMTd2019-08-02l0o342.9 E82pBIBTCEMT23110415r2023-11-10tEx. 1w2023-11-10yLV 00102udc4070aBIBTCEMTbBIBTCEMTd2019-08-02l0o342.9 E82pBIBTCEMT23110416r2023-11-10tEx. 2w2023-11-10yLV c601d601